LEADER 01289nam a2200301 i 4500 001 000000129111 003 CaOOAMICUS 005 20260313141946.0 008 040927s2004 it u000 u ita u 013 $a101844 020 $a88-263-1499-3 040 $aSeMil$bita 100 1 $aVilchez Líndez, José,$c.$0(OLS)http://semarc/name/18645 240 10$aTobias y Judit.$0(OLS)http://semarc/title/190822 245 10$aTobia e Giuditta /$cJosé Vilchez Lindez. 260 $aRoma :$bBorla,$c2004. 300 $a371 p. ;$c24 cm. 490 0 $aCommenti biblici [Borla] 650 4$aBibbia. Antico Testamento. Giuditta - Commentari, studi, critica, interpretazioni.$0(OLS)http://semarc/subject/20016 650 4$aBibbia. Antico Testamento. Tobia - Commentari, studi, critica, interpretazioni.$0(OLS)http://semarc/subject/5109 830 0$aCommenti biblici .$0(OLS)http://semarc/title/458541 850 $aSeMil 852 $aSeMil$W1$xVenegono$y1$m2YA Y 2$j268060$B83245$CSeMilBibl$Z2$F86733 $81 961 $aRecupero: Seminario di Seveso 996 $6020$a88-263-1499-3$9(OLS)http://semarc/number/115824 996 $6245$aTobia e Giuditta$9(OLS)http://semarc/title/190821 996 $6260$aRoma :$bBorla$9(OLS)http://semarc/publisher/29677